O princeznej Eleanore

Bibliographic Details
Main Author: Nagy, Peter (Author)
Other Authors: Hajdu, Edita, 1984- (Illustrator)
Format: Book
Language:Slovak
Czech
PhysicalDescription:48 nečíslovaných strán farebné ilustrácie, farebné ilustrované listy 24 cm
Published: Bratislava Albatros 2021
ISBN:9788056624746
Edition:Prvé slovenské vydanie
Subjects:

MARC

LEADER 00000cam a2200000 4500
001 vtls012131570
003 SK-MaSNL
005 20260301055436.0
008 230501s2021 xo af ar 010 j slo
015 |a SNBA2022/08 
020 |a 9788056624746  |q (viazané) 
035 |a urn:nbn:sk:snk-am00ikke 
035 |a A11BB39D-52DF-4208-8AE4-3F00B31D758D 
040 |a SNK  |b slo  |c SNK  |e rda 
041 0 |a cze 
044 |a xo  |c SK 
072 7 |a 821.162.4-3  |x Slovenská próza  |2 konspekt 
072 7 |a 82-93  |x Literatúra pre deti a mládež (beletria)  |2 konspekt 
080 |a 821.162.4-34  |2 2011 
080 |a 82-34:808.1  |2 2011 
080 |a 82-93-053.4/.5  |2 2011 
100 1 |a Nagy, Peter  |4 aut  |9 275526 
245 1 0 |a O princeznej Eleanore  |c Peter Nagy ; ilustrovala Edita Hajdu 
250 |a Prvé slovenské vydanie 
264 1 |a Bratislava  |b Albatros  |c 2021 
300 |a 48 nečíslovaných strán  |b farebné ilustrácie, farebné ilustrované listy  |c 24 cm 
336 |a text  |b txt  |2 rdacontent 
336 |a statický obraz  |b sti  |2 rdacontent 
337 |a bez média  |b n  |2 rdamedia 
338 |a zväzok  |b nc  |2 rdacarrier 
500 |a Vydalo vydavateľstvo Albatros v spoločnosti Albatros Media Slovakia, s.r.o. 
500 |a Obsahuje biografické údaje o autorovi a ilustrátorke 
500 |a Číslo časti uvedené na chrbáte publikácie 
521 8 |a Pre deti od 4 rokov 
655 7 |a slovenské rozprávky  |2 SNKPH  |9 70528 
655 7 |a autorské rozprávky  |2 SNKPH  |9 70727 
655 7 |a literatúra pre deti  |2 SNKPH  |9 87135 
655 7 |a Slovak fairy tales  |2 SNKPHeng  |9 292250 
655 7 |a Author fairy tales  |2 SNKPHeng  |9 283778 
655 7 |a Children's literature  |2 SNKPHeng  |9 276039 
700 1 |a Hajdu, Edita,  |d 1984-  |4 ill  |9 219695 
710 2 |a Albatros Media Slovakia.  |b Albatros  |4 pbl  |9 195117 
787 0 8 |i Zo série:  |t Rozprávky pre odvážne deti  |g 1 
852 |a Slovenská národná knižnica 
919 |a 978-80-566-2474-6 
954 |a beletria pôvodná (slovenská)  |2 lita 
958 |a LX 
958 |a DB 
999 |c 613365  |d 615295 
952 |a SNK  |b SNK  |y PREZ  |7 0  |p 17A1490589  |o snkSC 197488/1  |i snk2022/8047  |8 0  |0 0  |1 0  |4 0  |d 2022-05-17  |f 1  |l 0  |r 2025-10-20 00:00:00  |w 2026-02-23 
952 |a SNK  |b SNK  |y VYP  |7 0  |p 17A1490590  |o snkSC 197488/1 D1  |i snk2022/8048  |8 0  |0 0  |1 0  |4 0  |d 2022-05-17  |l 0  |r 2026-02-23 16:30:03  |w 2026-02-23